000 00826nas a22002297a 4500
001 216223559
003 UA-OsUOA
005 20230308120405.0
007 ta
008 230308b2022 un |||p| |||| 00| c ukr d
040 _aUA-OsUOA
_bukr
_cUA-OsUOA
_dUA-OsUOA
041 _aukr
080 _a2
090 _a2
_bВ41
110 _aЦентр Разумкова
245 _aВійна і церква. Церковно-релігійна ситуація в україні 2022 р.
_bінформаційні матеріали
_cЯкименко Ю.
260 _aК.
_bЦентр Разумкова
_c2022
650 _2UDC
_a2 Релігія. Теологія
942 _2udc
_cMG
_s1
962 _d2022
999 _c573930
_d573930